الأقمار الصناعية وبعض مايفيد منها العلم / (Record no. 16092)
[ view plain ]
| 000 -الفاتح | |
|---|---|
| حقل البيانات ثابتة الطول | 00659nam a22001457a 4500 |
| 008 - عناصر البيانات ثابتة الطول - معلومات عامة | |
| حقل البيانات ثابتة الطول | 110927s1959 ua|||||r|||| 00| 0 ara d |
| 082 ## - رقم تصنيف ديوى العشرى | |
| رقم الطبعة | 22 |
| رقم التصنيف | 629.434 |
| رقم المادة | ك ا م |
| 245 ## - بيان العنوان | |
| العنوان | الأقمار الصناعية وبعض مايفيد منها العلم / |
| بيان المسئوليه,etc | مصطفى كامل |
| 260 ## - PUBLICATION, DISTRIBUTION, ETC. (IMPRINT) | |
| مكان الناشر او الموزع | الاسكندرية : |
| اسم الناشر او الموزع | جامعة الاسكندرية، 1959 |
| تاريخ النشر أو التوزيع | 1959 |
| 300 ## - الوصف المادى | |
| التعداد | 13 ص : |
| تفاصيل ماديه اخرى للوعاء | صور : |
| أبعاد الوعاء | 24 سم |
| 650 ## - المدخل الاضافى بالموضوع-مصطلح موضوعى | |
| 9 (RLIN) | 27379 |
| مصطلح موضوعي أو اسم جغرافي كعنصر مدخل | الأقمار الصناعية |
| 653 ## - مصطلح تكشيفى غير مقيد | |
| Resource For college | |
| Arrived date list | September2011 |
| 942 ## - عناصر المدخل الإضافي( كوها) | |
| مصدر التصنيف او مخطط الترفيف | Dewey Decimal Classification |
| Koha [default] item type | Book - Borrowing |
| حالة التراجع | حالة الفقد | مصدر التصنيف او خطة الترفيف | حالة تلف | ليس للاعارة | مجموعات كوها | المكان الدائم | المكان الحالي | موقع الترفيف | تاريخ الاكتساب | Source of acquisition | رقم الاستدعاء | الباركود | Date last seen | مُعار | نوع الوعاء |
|---|---|---|---|---|---|---|---|---|---|---|---|---|---|---|---|
| Dewey Decimal Classification | مكتبة الاسكندرية | Central Library | Central Library | First floor | 27/09/2011 | Donation | 629.434 ك ا م | 000024939 | 15/07/2025 | 03/01/2017 | Book - Borrowing |